| 000 | 00597nam a2200205Ii 4500 | ||
|---|---|---|---|
| 003 | JO-AjNU | ||
| 008 | 230605s9999||||xx |||||||||||||| ||und|| | ||
| 040 |
_aJO-AjNU _bara _erda _cJO-AjNU |
||
| 041 | _aara | ||
| 050 | 1 | 4 | _aDS36.7.J365 2004 |
| 100 | 3 |
_aالجماعيني، احمد, _eauthor _913356 |
|
| 245 | 0 | 0 | _aالوطن العربي |
| 250 | _a(د.ط) | ||
| 264 | 3 | 1 | _aعمان:( د.ن) ، 2004 |
| 300 | _a181ص | ||
| 336 |
_atext _btxt _2rdacontent |
||
| 337 |
_aunmediated _bn _2rdamedia |
||
| 338 |
_avolume _bnc _2rdacarrier |
||
| 650 | 4 |
_aالوطن العربي - تاريخ _913357 |
|
| 999 |
_aA3305 _c6873 _d6873 |
||